000 00380nam a2200145Ia 4500
008 230312s9999||||xx |||||||||||||| ||und||
020 _a978-1-84710-281
082 _a658.1508
_bFIN
245 0 _aPaper F9 Financial Management
260 _bKAPLAN
_aUK
_c2008
300 _a244
546 _aEng.
650 _aManagement
_vSyllabus and exam format , Revision guidance
942 _cBK
999 _c864
_d864